| 000 | 00549 a2200181 4500 | ||
|---|---|---|---|
| 003 | OSt | ||
| 005 | 20230926112447.0 | ||
| 008 | 230926b |||||||| |||| 00| 0 eng d | ||
| 020 | _a9781119634324 | ||
| 040 | _coclc | ||
| 082 |
_a519.502855133 _bJON/R |
||
| 100 | 1 |
_aJones, Elinor _c(Associate Professor) _99602 |
|
| 245 |
_aThe R book / _cElinor Jones, Simon Harden, Michael J Crawley |
||
| 250 | _a3rd ed. | ||
| 260 |
_bWiley, _c2023. |
||
| 300 | _a651 p | ||
| 942 |
_2ddc _cBK _h519.502855133 _iJON/R _k519.502855133 _mJON/R |
||
| 999 |
_c42445 _d42445 |
||